000 01734nam a2200433 i 4500
001 161379
003 ES-MaACL
005 20250804062647.0
008 961002s1885 sp a |||| | spa d
080 _a821.134.2-34"18"
100 1 _aPardo Bazán, Emilia,
_cCondesa de,
_d1851-1921
_eaut
_9176434
245 1 3 _aLa dama joven ;
_bBucólica ; Nieto del Cid ; El indulto ; Fuego a bordo ; El rizo del nazareno ; La borgoñona ; Primer amor ; Un diplomático ; Sic transit ; El premio gordo ; Una pasión ; El príncipe amado ; La gallega /
_cEmilia Pardo Bazán ; dibujos de M. Obiols Delgado ; grabados de Thomas.
246 3 _aBucólica
246 3 _aNieto del Cid
246 3 _aFuego a bordo
246 3 _aPrimer amor
246 3 _aSic transit
260 _aBarcelona :
_bDaniel Cortezo y Cª,
_c1885.
300 _a380 páginas :
_bilustraciones (negro) ;
_c21 cm.
490 1 _aBiblioteca "Arte y letras"
530 _aDisponible en formato digital
655 0 _aNovelas
_9234319
700 1 _aObiols Delgado, Manuel,
_dca. 1860-1911
_eill
_9130582
700 1 _aThomas, Josep,
_d1853-1910
_eetr
_9133224
740 3 2 _aEl indulto.
740 3 2 _aEl rizo del nazareno.
740 3 2 _aLa borgoñona.
740 3 2 _aUn diplomático.
740 3 2 _aEl premio gordo.
740 4 2 _aUna pasión.
740 3 2 _aEl príncipe amado.
740 3 2 _aLa gallega.
830 0 _aBiblioteca "Arte y letras"
_9180874
852 _aES-MaACL
_cSPB
_jB-721
_xEnc. editorial en tela grabada cromolit.
856 _uhttp://bdh-rd.bne.es/viewer.vm?id=0000076345&page=1
_yVersión en línea
_z(Biblioteca Digital Hispánica)
942 _2udc
_cMONANT
_n0
999 _c161379
_d161379